00603nam a2200169 a 450000100100000000500170001000800410002702000150006804000250008310000400010824501190014826000350026730000210030249000200032350000700034383000200041300004408120201002045132.0140515s1994 sp a 000 0 spa d a8478803645 aDO-SdBNPbspacBNPHU1 aAlas Mínguez, Leopoldoc1962-200810aDe la acera de enfrente :btodo lo que se debe saber de los gays y nadie se ha atrevido a contar /cLeopoldo Alas. aMadrid :bTemas de Hoy,c1994. a191 p. ;c21 cm.1 aEl papagayov83 aIncluye datos biográficos del autor en la solapa de la cubierta 0aEl papagayov83